| 000 | 00640nam a2200193 i 4500 | ||
|---|---|---|---|
| 001 | 34836 | ||
| 003 | ES-MaACL | ||
| 005 | 20251003063050.0 | ||
| 007 | t| | ||
| 008 | 030211s1919 sp ||||1| spa d | ||
| 100 | 1 |
_aBoix, Emilio, _d1859-1953 _929888 |
|
| 245 | 1 | 3 |
_aLa cerámica en el mercado argentino / _cmemoria escrita por Emilio Boix. |
| 260 |
_aMadrid : _b[s.n.], _c1919. |
||
| 300 |
_a14 p. ; _c23 cm. |
||
| 500 | _aPrecede al tít.: Centro de Información Comercial del Ministerio de Estado. | ||
| 710 | 2 |
_aCentro de Información Comercial (España) _9149580 |
|
| 852 |
_aES-MaACL _j1573-F-2 |
||
| 999 |
_c34836 _d34836 |
||